000 00345pam a2200157a 44500
008 230515b1926 xxu||||| |||| 00| 0 eng d
020 _aNULL
041 _aMARATHI
082 _a1
100 _aGODBOLE V.
245 _aNIGHANTU RATNAKAR-1
250 _a1
260 _aSANGAI
_bN.D.
_c1926
300 _a100
650 _aNIGHANTU RATNAKAR-1
999 _c496989
_d496989